Szczegóły MARC21

20 lat Business Club Szczecin 1992-2012 /

005 -DATA I CZAS OSTATNIEJ MODYFIKACJI [,]
    • @
    • pole kontrolne
    • 20120710084936.0
020 -Międzynarod. znormalizowany nr książki - ISBN [ , ]
    • a
    • Numer ISBN
    • 978837184112 Find
040 -Instytucja sporządzająca opis [ , ]
    • a
    • Instytucja, która sporządziła opis (NP)
    • SZCZ U/IJ
    • c
    • Instytucja, która sporządziła rekord (NP)
    • SZCZ U/IJ
    • d
    • Instytucja, która zmodyfikowała rekord (P)
    • SZCZ U/MM
    • d
    • Instytucja, która zmodyfikowała rekord (P)
    • SZCZ U/JŚ
041 -Język dokumentu [0, ]
    • a
    • Język tekstu (P)
    • polski
044 -Kraj miejsca wydania [ , ]
    • a
    • Kraj miejsca wydania
    • Polska
942 -Rodzaj dokumentu [ , ]
    • c
    • Rodzaj dokumentu
    • Książka
100 -Hasło główne - nazwa osobowa [1, ]
    • a
    • Nazwa osobowa (NP)
    • Jasiewicz, Jacek
    • 9
    • KHW
    • 44223
    • d
    • Daty biograficzne (NP)
    • (1950- ).
245 -Strefa tytułu i oznaczenia odpowiedzialności [1,0]
    • a
    • Tytuł
    • 20 lat Business Club Szczecin 1992-2012 / Find
    • c
    • Pozostałe elementy strefy tytułu i oznaczenia odpowiedzialności (NP)
    • Jacek Jasiewicz.
246 -Wariant tytułu [3,1]
    • a
    • Tytuł (NP)
    • Dwadzieścia lat Business Club Szczecin 1992-2012
260 -Strefa adresu wydawniczego [ , ]
    • a
    • Miejsce wydania (P)
    • Szczecin :
    • b
    • Nazwa wydawcy (P)
    • PP-H Zapol,
    • c
    • Data wydania (P)
    • 2012.
300 -Strefa opisu fizycznego [ , ]
    • a
    • Określenie formy książki i/lub objętość (NP)
    • 158, [3] s. :
    • b
    • Oznaczenie ilustracji (NP)
    • il. ;
    • c
    • Format (NP)
    • 31 cm.
500 -Uwaga ogólna [ , ]
    • a
    • Uwaga ogólna (NP)
    • Album wykonano na zlecenie Stowarzyszenia na rzecz Rozwoju Szczecina i Pomorza Zachodniego "Business Club Szczecin"
080 -Uniwersalna Klasyfikacja Dziesiętna [ , ]
    • 2
    • Identyfikator wydania tablic
    • UDC-P058
    • 9
    • UKD
    • 2330
    • a
    • Symbol klasyfikacji
    • 061.2
    • b
    • Dopowiedzenie
    • Organizacje nierządowe. Instytucje i stowarzyszenia półurzędowe i prywatne, zawodowe.
    • 4
    • UKD2
    • 8144
    • x
    • Poddział wspólny
    • (084.1)
    • c
    • Dopowiedzenie poddz. wspólnego
    • (Przedstawienia obrazowe. Ilustracje. Albumy).
    • 4
    • UKD2
    • 7642
    • x
    • Poddział wspólny
    • (438)
    • c
    • Dopowiedzenie poddz. wspólnego
    • (Polska).
080 -Uniwersalna Klasyfikacja Dziesiętna [ , ]
    • 2
    • Identyfikator wydania tablic
    • UDC-P058
    • 9
    • UKD
    • 2940
    • a
    • Symbol klasyfikacji
    • 33
    • b
    • Dopowiedzenie
    • Nauki ekonomiczne. Gospodarka. Ekonomia.
    • 4
    • UKD2
    • 8144
    • x
    • Poddział wspólny
    • (084.1)
    • c
    • Dopowiedzenie poddz. wspólnego
    • (Przedstawienia obrazowe. Ilustracje. Albumy).
    • 4
    • UKD2
    • 7642
    • x
    • Poddział wspólny
    • (438)
    • c
    • Dopowiedzenie poddz. wspólnego
    • (Polska).
980 -Symbol UKD [ , ]
    • a
    • UKD
    • 061.2:33](438) Szczecin(084.1)
920 -ISBN [ , ]
    • a
    • ISBN
    • 978-83-718-411-2 Find
Sygnatura Numer inwentarzowy Status udost. Lokalizacja Data inwentaryzacji Obwoluta
T.11913T.11913-2T2012-05-211